Development as freedom

Salvato in:
Dettagli Bibliografici
Autore principale: Sen, Amartya
Natura: Libro
Lingua:inglese
Pubblicazione: New York Anchor books/Random House 1999
Soggetti:
Tags: Aggiungi Tag
Nessun Tag, puoi essere il primo ad aggiungerne!!

MARC

LEADER 00000nam a2200000 4500
001 0223401
005 20240111125030.6
020 |a 978-0-385-72027-4 
020 |a 0-385-72027-0 
041 0 |a eng 
044 |a US 
245 1 0 |a Development as freedom  |c Amartya Sen 
264 1 |a New York  |b Anchor books/Random House  |c 1999 
300 |a 366 s. 
610 2 0 |a zmier sociálny 
610 2 0 |a rozvoj hospodársky 
610 2 0 |a redukcia chudoby 
610 2 0 |a princípy mravné 
610 2 0 |a demokracia 
610 2 0 |a práva ľudské 
610 2 0 |a spravodlivosť sociálna 
610 2 0 |a prognózy 
610 2 0 |a svet 
100 1 |a Sen, Amartya